000 00428nam a22001817a 4500
003 MPLRDC
005 20220104142929.0
008 210129b ||||| |||| 00| 0 eng d
020 _a7-5382-0406-7
082 _a128.7 LJR
100 _a李君如
245 _a观念更新论
_c
250 _a一版一刷
260 _a
_b辽宁教育出版社
_c1988
300 _b
650 _a现代哲学
942 _cBK
_o128.7 LJR
999 _c34993
_d34983